=LDR 00000nam 2200000 4500 =001 NUTBA000000000005912 =005 20141112141322.0 =006 =007 =008 =035 ##$$a 0010-111400000000391 =040 ##$$a NBPDMAT =090 ##$$a 028.5 $b Ded s =100 ##$$a Dede Abdurrahman =245 ##$$a Sistem Rangka : $b Susunan penegak tubuh/ $c Dede Abdurrahman =260 ##$$a Jakarta : $b Mctar, $c 2013 =300 ##$$a 32 hlm. : $b ilus. ; $c 28 cm. =650 ##$$a Bacaan Kanak - Kanak - Tulang =850 ##$$a NBPDMAT